SCIENCE (Record no. 1849)
[ view plain ]
| 000 -LEADER | |
|---|---|
| fixed length control field | 00768nam a2200145Ia 4500 |
| 022 ## - INTERNATIONAL STANDARD SERIAL NUMBER | |
| ISSN | 0036-8075 |
| 245 #0 - TITLE STATEMENT | |
| Title | SCIENCE |
| 260 ## - PUBLICATION, DISTRIBUTION, ETC. (IMPRINT) | |
| Name of publisher | American Association for the advancement of Science, New York |
| Place of publication | USA |
| 310 ## - CURRENT PUBLICATION FREQUENCY | |
| Current publication frequency | W |
| 500 ## - GENERAL NOTE | |
| General note | Ending Volume & Year: 290, 2000 |
| 500 ## - GENERAL NOTE | |
| General note | Missing Volume: 151(3706);152(3721,3726);156(3773);161(3842);166(3907);167(3921);174(4006,4014);178-79(4071-4080);183(4119);185(4151);187(4170);191(4221);195(4277);198(4324);206(4426);210(4477);212(4491-94);218(4580);222(4630);226(4682);229(4714);230(4724,4733);231(4734);234(4777);240(4858);241;245-247;248(4959);259(5092,5099);275-277;289(5478);289(5486);290(5491-92,94)check |
| 500 ## - GENERAL NOTE | |
| General note | Starting Volume & Year: 147, 1965 |
| 942 ## - ADDED ENTRY ELEMENTS (KOHA) | |
| Koha item type | Bound Journal |
| Withdrawn status | Lost status | Damaged status | Not for loan | Home library | Current library | Date acquired | Accession Number | Koha item type |
|---|---|---|---|---|---|---|---|---|
| Bound journals | RRII Library | RRII Library | 31/12/2021 | 01830J | Bound Journal |